Histoire des théories de la production et de la distribution dans l'economie politique anglaise de 1776 a 1848 / (Record no. 39853)

MARC details
000 -LEADER
campo de control de longitud fija 00919nam a2200217 i 4500
001 - NÚMERO DE CONTROL
campo de control 39853
003 - IDENTIFICADOR DE NÚMERO DE CONTROL
campo de control ES-MaACL
005 - FECHA Y HORA DE LA ÚLTIMA TRANSACCIÓN
campo de control 20250816063224.0
007 - CAMPO FIJO DE DESCRIPCIÓN FÍSICA--INFORMACIÓN GENERAL
campo de control de longitud fija t|
008 - DATOS DE LONGITUD FIJA--INFORMACIÓN GENERAL
campo de control de longitud fija 030304s1910 fr ||||1| fre d
100 1# - ENTRADA PRINCIPAL--NOMBRE DE PERSONA
Nombre de persona Cannan, Edwin.
9 (RLIN) 34515
245 10 - MENCIÓN DEL TÍTULO
Título Histoire des théories de la production et de la distribution dans l'economie politique anglaise de 1776 a 1848 /
Mención de responsabilidad, etc. par Edwin Cannan ; traduction sur la 2me edition anglaise par H. E. Barrault et Maurice Alfassa, avec una introduction par H. E. Barrault.
260 ## - PUBLICACIÓN, DISTRIBUCIÓN, ETC.
Lugar de publicación, distribución, etc. Paris :
Nombre del editor, distribuidor, etc. [s.n.],
Fecha de publicación, distribución, etc. 1910 (
Lugar de fabricación/manufactura Saint-Amaud Cher :
Fabricante Imp. Bussiere)
300 ## - DESCRIPCIÓN FÍSICA
Extensión XXXVII, 577 p. ;
Dimensiones 23 cm.
490 1# - MENCIÓN DE SERIE
Mención de serie Bibliothèque internationale d'économie politique
700 1# - ENTRADA AGREGADA--NOMBRE PERSONAL
Nombre de persona Barrault, H. E.
9 (RLIN) 25868
700 1# - ENTRADA AGREGADA--NOMBRE PERSONAL
Nombre de persona Alfassa, Maurice.
9 (RLIN) 19823
830 00 - PUNTO DE ACCESO ADICIONAL DE SERIE-TÍTULO UNIFORME
Título uniforme Bibliothèque internationale d'économie politique
9 (RLIN) 181587
852 ## - LOCALIZACIÓN
Ubicación ES-MaACL
Número de control de estantería F-14142
Holdings
Estatus retirado Estado de pérdida Estado de daño No para préstamo Biblioteca de origen Biblioteca actual Ubicación en estantería Fecha de adquisición Fuente de adquisición Total de préstamos Signatura topográfica completa Código de barras Visto por última vez Precio de reemplazo Tipo de ítem Koha
        Biblioteca del Ateneo de Madrid Biblioteca del Ateneo de Madrid Sala Pecera Planta 2 17/01/2008     F-14142 1041965 23/02/2023 23/02/2023 Libro impreso